Wonky Word Clicking - U - Statistics

General Stats
  • This quiz has been taken 207 times
  • The average score is 9 of 15
Answer Stats
Hint Answer % Correct
Uk ulele
93%
Us urp
93%
Umpt een
89%
Upp ity
85%
Uv ula
83%
Undu late
81%
Ung ulate
75%
Um laut
73%
Umb rage
72%
Upb raid
66%
Usque baugh
36%
Ug some
35%
Uncle ship
32%
Under witted
28%
Umber sorrow
7%
No matching quizzes found
Score Distribution
Percent of People with Each Score
Percentile by Number Answered
Your Score History
You have not taken this quiz